Between Power Politics and Pacifist Utopia: peace and war in sociological theory /

Enregistré dans:
Détails bibliographiques
Auteur principal: Joas, Hans
Format: Texte
Tags: Ajouter un tag
Pas de tags, Soyez le premier à ajouter un tag!

MARC

LEADER 00000 a a2200000 04500
001 48347
003
040
100 |a Joas, Hans  
245 |a Between Power Politics and Pacifist Utopia:   |b peace and war in sociological theory /  |c Hans Joas  
773 |g volumen 39, número 1, (1991), páginas 47-66  
999 |c 39145  |d 39145